Bramkarze Wisły Płock w XXI wieku - Statystyki

Ogólne statystyki
  • Ten quiz został rozwiązany 13 razy
    3 od ostatniego zresetowania
  • Średni wynik to 4 z 19
Statystyki odpowiedzi
Lata gry Narodowość Nazwisko % Poprawnych
2018-2020 Niemcy Thomas Dähne
100%
2018-2020 Polska Bartłomiej Żynel
67%
2020-2023 Polska Krzysztof Kamiński
67%
2025- Polska Rafał Leszczyński
67%
2017-2025 Polska Bartłomiej Gradecki
33%
2021-2022 Polska Damian Węglarz
33%
2016-2018 Polska Seweryn Kiełpin
33%
2000-2001 Polska Andrzej Szyszko
0%
1999-2002 Polska Artur Sejud
0%
2006-2007 Polska Jakub Skrzypiec
0%
2003-2006 Polska Jakub Wierzchowski
0%
2019-2020 Polska Jakub Wrąbel
0%
1999-2001 Polska Jarosław Krupski
0%
2018-2019 Polska Marcel Zapytowski
0%
2016-2019 Polska Mateusz Kryczka
0%
2001 Litwa Pavel Leus
0%
2003-2004 Polska Paweł Kapsa
0%
2004-2007 Polska Robert Gubiec
0%
2002-2003 Polska Sylwester Wyłupski
0%
Nie znaleziono quizów pasujących do podanych kryteriów
Rozkład punktacji
Procent ludzi z każdym wynikiem
Percentyl według liczby udzielonych odpowiedzi
Twoja historia wyników
Nie rozwiązałeś tego quizu od ostatniego zresetowania